Estadísticas para 15 principales países afectados por Covid19; 2 de deciembre

Haz click aquí para intentar la prueba.

Estadísticas generales

  • Esta prueba ha sido intentada 6 veces
  • La puntuación promedio es 16 de 27

Estadísticas de respuestas

país% Correcto
Alemania
100%
Argentina
100%
Brasil
100%
España
100%
Estados Unidos
100%
Francia
100%
India
100%
Italia
100%
Perú
100%
Reino Unido
100%
Rusia
100%
Colombia
83%
México
83%
Polonia
67%
Bélgica
50%
Irán
50%
Panamá
33%
Suiza
33%
Armenia
17%
Baréin
17%
Catar
17%
Chequia
17%
Croacia
17%
Israel
17%
Kuwait
17%
Eslovenia
0%
Georgia
0%

Distribución de puntuación

Porcentaje por número respondido

Porcentaje de gente con cada puntuación

Historial de tus puntuaciones

No has intentado esta prueba.